Loading...
| Literature - World | 0 | 2 | 0 | 0 | 20 | 139 | 142.00 | 0 | 0 | -0.07 | 3.64 |
| History - Other | 0 | 2 | 0 | 0 | 20 | 119 | 121.50 | 0 | 1 | 1.82 | 6.36 |
| Religion | 0 | 2 | 0 | 0 | 20 | 99 | 118.50 | 0 | 0 | 1.83 | 4.55 |
| History - American | 0 | 2 | 0 | 0 | 20 | 120 | 122.50 | 0 | 0 | -0.08 | 3.64 |
| Fine Arts - Other | 0 | 2 | 1 | 0 | 15 | 52 | 88.00 | 0 | 1 | 6.10 | 11.82 |
| Fine Arts - Painting and Sculpture | 0 | 1 | 0 | 0 | 10 | 130 | 130.00 | 0 | 0 | 0.77 | 2.73 |
| Science - Other | 0 | 1 | 0 | 1 | 10 | 128 | 128.00 | 0 | 1 | -0.14 | 1.82 |
| Pop Culture | 0 | 1 | 0 | 0 | 10 | 35 | 35.00 | 0 | 0 | 37.50 | 30.00 |
| Literature - European | 0 | 1 | 0 | 0 | 10 | 125 | 125.00 | 0 | 0 | 0.92 | 2.73 |
| Other Academic | 0 | 1 | 0 | 0 | 10 | 125 | 125.00 | 0 | 0 | 6.10 | 13.33 |
| Literature - British | 0 | 1 | 0 | 0 | 10 | 119 | 119.00 | 0 | 0 | 0.83 | 1.82 |
| History - World | 0 | 2 | 3 | 0 | 5 | 121 | 124.00 | 0 | 1 | 0.76 | 8.18 |
| History - European | 0 | 2 | 3 | 0 | 5 | 56 | 86.50 | 0 | 1 | 6.81 | 9.09 |
| Current Events | 0 | 0 | 0 | 0 | 0 | 0.00 | 0 | 0 | 0.00 | 0.00 | |
| Fine Arts - Classical Music | 0 | 1 | 2 | 0 | 0 | 115 | 115.00 | 0 | 0 | 1.40 | 4.55 |
| Literature - American | 0 | 0 | 0 | 0 | 0 | 0.00 | 0 | 0 | 0.00 | 0.00 | |
| Mythology | 0 | 0 | 0 | 0 | 0 | 0.00 | 0 | 0 | 0.00 | 0.00 | |
| Philosophy | 0 | 0 | 1 | 0 | -5 | 0.00 | 0 | 0 | 0.00 | 0.00 | |
| Social Science | 0 | 0 | 1 | 0 | -5 | 0.00 | 0 | 0 | 0.00 | 0.00 |